Arbitraje comercial Internacional en Cuba (Comentarios a las Reglas de Procedimiento de la Corte Cubana de Arbitraje Comercial Internacional) /

Detalles Bibliográficos
Autor principal: Mendoza Da̕z, Juan
Formato: eBook
Lenguaje:español
Publicado: La Habana: Unin̤ Nacional de Juristas de Cuba, 2019
Materias:
Acceso en línea:Acceso restringido

MARC

LEADER 00000nam a22000007a 4500
005 20200921230950.0
007 cr|||| ||||
008 200921s2019 cu |||||s|||| 00||0 spa d
020 |a 978-959-7261-05-6 
035 |a 32074 
040 |a vLex 
090 |c 10745  |d 10745 
100 1 |a Mendoza Da̕z, Juan 
245 1 0 |a Arbitraje comercial Internacional en Cuba  |h [Recurso electrn̤ico] :  |b (Comentarios a las Reglas de Procedimiento de la Corte Cubana de Arbitraje Comercial Internacional) /  |c Juan Mendoza Da̕z 
256 |a Servicio en ln̕ea 
260 |a La Habana:  |b Unin̤ Nacional de Juristas de Cuba,  |c 2019 
300 |a 1 recurso electrn̤ico 
506 1 |a Disponible solo en los productos indicados  |d vLex Global  |d vLex Global (Academic Edition, excluding Law Schools)  |d vLex Global (U.S. Academic Edition, Law Schools)  |d vLex Global (U.S. Academic Edition, excluding Law Schools)  |d vLex Global (Academic Edition, Law Schools) 
650 0 4 |a Arbitraje  |z Cuba 
740 0 |a vLex Libros (Servicio en ln̕ea) 
856 4 0 |u http://vlex.com/source/arbitraje-comercial-internacional-en-cuba-comentarios-a-las-reglas-de-procedimiento-de-la-corte-cubana-de-arbitraje-comercial-internacional--32074  |z Acceso restringido 
942 |c BOOK 
999 0 |a Arbitration